| 000 | 01083nam a2200229Ia 4500 | ||
|---|---|---|---|
| 003 | GCL | ||
| 008 | 140319s9999 xx 000 0 ara d | ||
| 020 | _a1174322977 | ||
| 040 |
_aGCL / _cGCL |
||
| 082 | 0 | 4 |
_a953.0711 _bس ع |
| 100 | 1 | _aسامية مصطفى محمد مسعد | |
| 245 | 1 | 0 |
_aالعلاقات بين المغرب والاندلس فى عصر الخلافة الاموية ( 300 - 399هـ \ 912 - 1008م ) / _cسامية مصطفى محمد مسعد |
| 260 |
_aالقاهرة : _bعين للدراسات والبحوث الانسانية والاجتماعية ، _c2006 |
||
| 300 |
_a237 ص ؛ _c24 سم |
||
| 650 | 0 | 4 | _aالاندلس - تاريخ - الخلفاء الامويون |
| 650 | 0 | 4 | _aالمغرب - العلاقات الخارجية - الاندلس |
| 650 | 0 | 4 | _aالاندلس - العلاقات الخارجية - المغرب |
| 650 | 0 | 4 | _aالاندلس - الاحوال السياسية |
| 650 | 0 | 4 | _aالاندلس - الاحوال الاجتماعية |
| 650 | 0 | 4 | _aالاندلس - العلاقات الثقافية |
| 942 |
_2ddc _cBK |
||
| 999 |
_c8765 _d8765 |
||